Erkekler Mars'tan, kadınlar Venüs'ten : (Record no. 59936)
| 000 -BAŞLIK | |
|---|---|
| Sabit Uzunluktaki Kontrol Alanı | 01107nam a22003377a 4500 |
| 008 - SABİT UZUNLUKTAKİ VERİ ÖGELERİ - GENEL BİLGİ | |
| Sabit Alan | 170417b1995 tu |||gr||||#||||0|tur | |
| 040 ## - KATALOGLAMA KAYNAĞI | |
| Özgün Kataloglama Kurumu | TR-BiSEU |
| Kataloglama Dili | tur |
| Çeviri Kurumu | TR-BiSEU |
| Açıklama Kuralları | rda |
| 001 - KONTROL NUMARASI | |
| Control Dosyası | 0060132 |
| 003 - KONTROL NUMARASI KİMLİĞİ | |
| Kontrol Alanı | KOHA_MİRAKIL |
| 005 - EN SON İŞLEM TARİHİ ve ZAMANI | |
| Kontrol Alanı | 20260207004251.0 |
| 007 - FİZİKSEL TANIM SABİT ALAN - GENEL BİLGİ | |
| Sabit uzunluklu kontrol alanı | ta |
| 020 ## - ISBN - ULUSLARARASI STANDART KİTAP NUMARASI | |
| Isbn | 9754055769 |
| 041 0# - DİL KODU | |
| Metin ya da ses kaydının dil kodu | tur |
| 044 ## - YAYINLAYAN/ÜRETEN KURULUŞUN ÜLKE KODU | |
| ISO country code | tu |
| 050 ## - SINIFLAMA ve YER NUMARASI | |
| Sınıflama Numarası | HQ734 |
| Yer Numarası | .G73 1995 |
| 100 1# - KİŞİ ADI | |
| Yazar Adı (Kişi adı) | Gray, John. |
| 245 1# - ESER ADI BİLDİRİMİ | |
| Başlık | Erkekler Mars'tan, kadınlar Venüs'ten : |
| Alt Eseradı vb. | iletişimi geliştirmek ve ilişkilerinizde istediğinizi elde etmek için pratik bir yol gösterici/ |
| Sorumluluk Bildirimi | John Gray ; John Gray ; çeviren Gülden Şen. |
| 250 ## - BASIM BİLDİRİMİ | |
| Basım Bildirimi | 6. Basım |
| 264 #1 - ÜRERİM, YAYIN, DAĞITIM ve TELİF BİLDİRİMİ | |
| Yayın yeri | İstanbul : |
| Yayınlayan | Altın Kitaplar Yayınevi |
| Yayın tarihi | 1995 |
| 300 ## - FİZİKSEL TANIMLAMA | |
| Sayfa, Cilt vb. | 285 sayfa ; |
| Boyutları | 20 cm. |
| 336 ## - İÇERİK TÜRÜ | |
| Content type term | metin |
| Content type code | txt |
| Source | rdacontent |
| 337 ## - MEDYA TÜRÜ | |
| Media type term | aracısız |
| Media type code | n |
| Source | rdamedia |
| 338 ## - TAŞIYICI TÜRÜ | |
| Carrier type term | cilt |
| Carrier type code | nc |
| Source | rdacarrier |
| 650 #0 - KONU BAŞLIĞI EK GİRİŞ - KONU TERİMİ | |
| Konusal terim veya coğrafi ad | Marriage. |
| 9 (RLIN) | 10631 |
| 650 #0 - KONU BAŞLIĞI EK GİRİŞ - KONU TERİMİ | |
| Konusal terim veya coğrafi ad | Evlilik. |
| 9 (RLIN) | 6288 |
| 650 #0 - KONU BAŞLIĞI EK GİRİŞ - KONU TERİMİ | |
| Konusal terim veya coğrafi ad | Communication in marriage. |
| 9 (RLIN) | 10632 |
| 650 #0 - KONU BAŞLIĞI EK GİRİŞ - KONU TERİMİ | |
| Konusal terim veya coğrafi ad | İletişim, evlilikte. |
| 9 (RLIN) | 65635 |
| 650 #0 - KONU BAŞLIĞI EK GİRİŞ - KONU TERİMİ | |
| Konusal terim veya coğrafi ad | Interpersonal relations. |
| 9 (RLIN) | 9209 |
| 650 #0 - KONU BAŞLIĞI EK GİRİŞ - KONU TERİMİ | |
| Konusal terim veya coğrafi ad | Kişilerarası ilişkiler. |
| 9 (RLIN) | 6027 |
| 942 ## - EK GİRİŞ ÖGELERİ (KOHA) | |
| Source of classification or shelving scheme | Library of Congress Classification |
| Koha item type | Book |
| Materyal Türü | Kalıcı Konum | Mevcut Konum | Sınıflandırma Kaynağı | Edinim Bilgisi | Ana Konular | Alt Konular | Yer Numarası | Demirbaş Numarası | Fatura Tarihi | Geri Çekilme Durumu | Kayıp Durumu | Hasarlı Durumu | Kredi için değil | Kayıt Tarih | Toplam Ödünçverme | Son Görülme Tarihi | Son Kontrol Tarihi | Genel / Bağış Notu |
|---|---|---|---|---|---|---|---|---|---|---|---|---|---|---|---|---|---|---|
| Book | BŞEÜ Gölpazarı MYO Kütüphanesi | BŞEÜ Gölpazarı MYO Kütüphanesi | Library of Congress Classification | Bağış | SOSYAL BİLİMLER | Aile, Evlilik, Kadınlar | HQ734 .G73 1995 | 0060132 | 02/02/2026 | 17/04/2017 | 05/12/2024 | 05/12/2024 | Mehmet Ergin İman |
